000 00409nam a2200169Ia 4500
008 221030s9999 xx 000 0 und d
020 _a8129710951
041 _aEnglish
082 _a105.23
_bRoc
100 _aM. J. Rochkind
245 0 _aAdvanced UNIX Programming
_cby M. J. Rochkind
250 _a2nd
260 _bPearson Education
_aDelhi
_c2004
300 _a731
650 _aComputers
942 _cBK
999 _c2825
_d2825